Southville International School and Colleges
Your cart is empty.
  • Cart
  • Lists
    Public lists Eva Luna New books Lux_list list_1
    Your lists Log in to create your own lists
  • Log in to your account
  • Your cookies
  • Search history
Southville International School and Colleges
  • Advanced search
  • Recent comments
  • Most popular
  • Libraries

Log in to your account

Log in with GOOGLE


If you do not have an external account, but do have a local account, you can still log in:

  1. Home
  2. MARC view: Jose "Ka Pepe" W. Diokno
Normal view MARC view ISBD view

Jose "Ka Pepe" W. Diokno (Record no. 17068)

[ view plain ]
MARC details
000 -LEADER
fixed length control field 01191cam a2200361 a 4500
001 - CONTROL NUMBER
control field 17048173
003 - CONTROL NUMBER IDENTIFIER
control field OSt
005 - DATE AND TIME OF LATEST TRANSACTION
control field 20140310182858.0
008 - FIXED-LENGTH DATA ELEMENTS--GENERAL INFORMATION
fixed length control field 111117s2010 ph a b 001 0btgl
010 ## - LIBRARY OF CONGRESS CONTROL NUMBER
LC control number 2011308508
020 ## - INTERNATIONAL STANDARD BOOK NUMBER
International Standard Book Number 9789715849968
040 ## - CATALOGING SOURCE
Original cataloging agency DLC
Transcribing agency DLC
Modifying agency DLC
042 ## - AUTHENTICATION CODE
Authentication code lcode
-- pcc
043 ## - GEOGRAPHIC AREA CODE
Geographic area code a-ph---
050 00 - LIBRARY OF CONGRESS CALL NUMBER
Classification number DS 686.6
Item number .Se479 2010
082 ## - DEWEY DECIMAL CLASSIFICATION NUMBER
Classification number FIL 340.092
Item number .Se479 2010
100 1# - MAIN ENTRY--PERSONAL NAME
Personal name Sepeda, Bernardo Noceda.
245 10 - TITLE STATEMENT
Title Jose "Ka Pepe" W. Diokno
Remainder of title makatao, makabayan
Statement of responsibility, etc Sepeda, Bernardo Noceda
260 ## - PUBLICATION, DISTRIBUTION, ETC. (IMPRINT)
Place of publication, distribution, etc Quezon City
Name of publisher, distributor, etc C & E Pub.
Date of publication, distribution, etc 2010
300 ## - PHYSICAL DESCRIPTION
Extent xxx, 226 p.
Other physical details ill.
Dimensions 22 cm.
504 ## - BIBLIOGRAPHY, ETC. NOTE
Bibliography, etc Includes bibliographical references (p. 207-220) and index.
520 ## - SUMMARY, ETC.
Summary, etc Life story of Jose W. Diokno, a Filipino human rights activist and nationalist.
521 ## - TARGET AUDIENCE NOTE
Target audience note
526 ## - STUDY PROGRAM INFORMATION NOTE
Reading level 1210L-1700L
541 ## - IMMEDIATE SOURCE OF ACQUISITION NOTE
-- 1
546 ## - LANGUAGE NOTE
Language note In Tagalog.
562 ## - COPY AND VERSION IDENTIFICATION NOTE
Number of copies For circulation. 1 copy available in the collection
600 10 - SUBJECT ADDED ENTRY--PERSONAL NAME
Personal name Diokno, Jose W.
650 #0 - SUBJECT ADDED ENTRY--TOPICAL TERM
Topical term or geographic name as entry element Nationalists
Geographic subdivision Philippines
Form subdivision Biography.
906 ## - LOCAL DATA ELEMENT F, LDF (RLIN)
a 7
b cbc
c origode
d 3
e ncip
f 20
g y-gencatlg
942 ## - ADDED ENTRY ELEMENTS (KOHA)
Source of classification or shelving scheme Library of Congress Classification
Koha item type Books
Call number prefix Filipininana
Holdings
Withdrawn status Lost status Source of classification or shelving scheme Damaged status Home library Current library Shelving location Date acquired Total Checkouts Full call number Barcode Date last seen Copy number Price effective from Koha item type
    Library of Congress Classification   College Library College Library Filipiniana Section 06/13/2012   DS 686.6 .Se479 2010 c14650 05/08/2018 1 06/13/2012 Books

Jose "Ka Pepe" W. Diokno

APA

Sepeda B. N., . (2010). Jose "Ka Pepe" W. Diokno. Quezon City: C & E Pub.

Chicago

Sepeda Bernardo Noceda, . 2010. Jose "Ka Pepe" W. Diokno. Quezon City: C & E Pub.

Harvard

Sepeda B. N., . (2010). Jose "Ka Pepe" W. Diokno. Quezon City: C & E Pub.

MLA

Sepeda Bernardo Noceda, . Jose "Ka Pepe" W. Diokno. Quezon City: C & E Pub. 2010.

  • Place hold
  • Print
  • Cite
  • Add to your cart (remove)
  • Save record
    BIBTEX Dublin Core MARCXML MARC (non-Unicode/MARC-8) MARC (Unicode/UTF-8) MARC (Unicode/UTF-8, Standard) MODS (XML) RIS
  • More searches
    Search for this title in:
    Other Libraries (WorldCat) Other Databases (Google Scholar) Online Stores (Bookfinder.com) Open Library (openlibrary.org)

Exporting to Dublin Core...

SOUTHVILLE LIBRARY

Southville International School and Colleges Library

1281 Tropical Ave. Cor. Luxembourg St., BF Homes International, Las Pinas City

Tel. No. 8256374 / 252358 Loc. 117/146

Powered by Koha